culture générale 99 - Statistiques

Statistiques générales
  • Ce quiz a été pris 98 fois
  • Le résultat moyen est 11 sur 20
Statistiques - réponses
Questions Réponses % Correct
Comment appelle-t-on l’art japonais du pliage de papier ? Origami
83%
Qui a prononcé le discours « I have a dream » ? Martin Luther King
81%
Combien de phase de sommeil a un individu classique dans une nuit de 8h ? 5
80%
Quel groupe est à l’origine de la chanson Bohemian Rhapsody ? Queen
79%
Quel animal dort la tête en bas ? la chauve souris
78%
Quelle planète est la plus proche du Soleil ? Mercure
77%
Quel ingredient donne aupesto traditionnel sa couleur verte ? le basilic
67%
Quel empire était dirigé par Gengis Khan ? L'empire Mongol
65%
Combien de titre Nadal a-t-il remporté en Grand Chelem ? 22
63%
combien y a-t-il de département en France ? 101
60%
Quel est le film avec le record d'entrée ? Avatar
58%
Quel est la capitale de l'Australie ? Camberra
57%
Quel pays est le berceau de la marque Volvo ? Suède
57%
Combien de président y a-t-il eu dans la 3eme République ? 14
56%
Quel athlète détient le record du plus grand nombre de médailles d’or olympiques ? Michael Phelps
51%
Quel chanteur est surnommé “l’Idole des jeunes” dans les années 60 ? Johnny Hallyday
36%
Quel était le surnom de Gandhi ? mahatma
28%
Qui était le roi de France pendant la guerre de Cent Ans ? Charles VII
23%
Quel pays a la plus grande superficie de forêts tropicales après le Brésil ? La République démocratique du Congo
15%
Quelle particule atomique a une charge négative ? L’électron
4%
Aucun quiz correspondant
Distribution des résultats
% des personnes avec chaque résultat
Percentile par nombre de réponses
Votre historique - résultats
Vous n’avez pas pris ce quiz